000 00743nam a2200265Ia 4500
003 OSt
005 20220926012131.0
006 a|||||r|||| 00| 0
007 ta
008 220923b |||||||| |||| 00| 0 eng d
020 _a465057519
037 _cGeneral Book
040 _aRTL
_cRTL
_beng
041 _2eng
_aeng
082 _aR2xM96, L3
100 _aSchwebel Milton Ed.
_9134462
245 0 _aPiaget in the classroom
260 _aNew York
_bBasic Books U. S. A.
_c1973
300 _axii, 305p
_ccm.
650 _a Philosophy
650 _aEpistemology-Piaget
_9255269
700 _a Raph Jane Ed.
_9315568
942 _hR2xM96, L3
_cGB
_2CC
999 _c621807
_d621807